| 000 | 00449nam a2200169Ia 4500 | ||
|---|---|---|---|
| 003 | LK-CoDNM | ||
| 008 | 010623t1914 xxu||||| |||| 00| 1 sin d | ||
| 040 |
_aLK-CoDNM _dLK-CoDNM _eLK-CoDNM |
||
| 041 | _asin | ||
| 080 | _a104 E.11 | ||
| 100 |
_aKaviraja,D.M.S.S _eed. |
||
| 245 | _aකවි කල්ප තරුව | ||
| 246 | _aKavi kalpa Tharuva Vol. 6 / 7 | ||
| 260 |
_bLanka lankara _aAluthgama _c1914 |
||
| 300 | _b18p., 21 cm | ||
| 942 | _cBK | ||
| 999 |
_c88143 _d88143 |
||